| 000 | 01263nam a2200349 a 4500 | ||
|---|---|---|---|
| 001 | 000007364 | ||
| 003 | DO-SdBPM | ||
| 005 | 20250801120912.0 | ||
| 007 | ra | ||
| 008 | 090908s2003 dr 000 0 spa d | ||
| 020 | _a9993403865 | ||
| 040 |
_aDO-SdBPM _bspa _cBPMSU _drda |
||
| 082 | 4 |
_aRD861.5 _bB443e 2003 _222 |
|
| 100 | 1 |
_aBelliard, Basilio, _d1966- _eautor |
|
| 245 | 1 | 3 |
_aLa espiral sonora : _b(antología del poema en prosa en Santo Domingo, 1900 - 2000) / _cBasilio Belliard ; presentación Fernando Valerio Holguín. |
| 264 |
_aSanto Domingo : _bEdiciones Librería La Trinitaria, _c2003. |
||
| 300 |
_a161 páginas ; _c22 cm. |
||
| 336 |
_atexto _btxt _2rdacontent |
||
| 337 |
_asin mediación _bn _2rdamedia |
||
| 338 |
_avolumen _bnc _2rdacarrier |
||
| 500 | _aIncluye datos biográficos del autor en la solapa. | ||
| 504 | _aBibliografía : páginas 159-161 | ||
| 590 | _aInventariado, 2025/VM | ||
| 650 | 7 |
_aProsa poética dominicana _xCrítica e interpretación |
|
| 650 | 7 | _aLiteratura dominicana. | |
| 650 | 7 |
_aPoetas dominicanos _xBiografías |
|
| 650 |
_aProsa dominicana _xColecciones |
||
| 650 | z | _aDominican literature | |
| 700 | 1 | _aValerio Holguín, Fernando. | |
| 910 | _aVMateo V. Control de calidad BPMSU | ||
| 942 |
_2ddc _cBK |
||
| 999 |
_c15303 _d15303 |
||